[Event "North Island-ch"]
[Site "Wellington"]
[Date "2019.04.22"]
[Round "8"]
[White "Farrington, Lawrence B"]
[Black "Zhang, Kendrick Botong"]
[Result "0-1"]
[WhiteElo "1761"]
[BlackElo "1362"]
[PlyCount "114"]
[EventDate "2019.04.19"]
[EventType "swiss"]
[EventRounds "8"]
[EventCountry "NZL"]
[SourceTitle "EXT 2020"]
[Source "ChessBase"]
[SourceDate "2019.10.17"]
[SourceVersion "1"]
[SourceVersionDate "2019.10.17"]
[SourceQuality "1"]

1. e4 c5 2. Nf3 d6 3. Bb5+ Bd7 4. Bxd7+ Qxd7 5. 0-0 Nc6 6. Nc3 Nf6 7. d3 g6 8. Bg5 Bg7 9. Rb1 0-0 10. Qd2 a6 11. h3 Rab8 12. Bh6 b5 13. Bxg7 Kxg7 14. Ne2 e5 15. Rfe1 a5 16. Nh2 a4 17. a3 b4 18. axb4 Rxb4 19. c3 Rb6 20. Ra1 Rfb8 21. Reb1 Na5 22. Nc1 Nb3 23. Nxb3 Rxb3 24. Nf3 a3 25. Ra2 Qb7 26. Qc2 axb2 27. Nd2 Rb5 28. Nc4 Qc6 29. Raxb2 Rxb2 30. Rxb2 Rxb2 31. Qxb2 Qc7 32. Qb6 Qxb6 33. Nxb6 Kf8 34. g3 Ke7 35. f3 Ke6 36. Nc4 Kd7 37. g4 h6 38. Kf2 Kc6 39. Ke3 Kb5 40. Nb2 g5 41. Nc4 Ne8 42. Nd2 Ka4 43. Nc4 Kb3 44. Kd2 f6 45. Ne3 Ng7 46. Nd5 Ne6 47. Nxf6 Nf4 48. c4 Nxh3 49. Ne8 Ng1 50. Ke3 Kc3 51. Nxd6 Nh3 52. Nf7 Nf4 53. Nxe5 Ng2+ 54. Kf2 Nf4 55. Kf1 Kd4 56. Kf2 Kxe5 57. Ke3 Ne6 0-1

[Event "Wellington CC-chB"]
[Site "Wellington"]
[Date "2016.11.03"]
[Round "9"]
[White "Farrington, Lawrence B"]
[Black "Stone, Andrew"]
[Result "1/2-1/2"]
[WhiteElo "1811"]
[BlackElo "2047"]
[PlyCount "93"]
[EventDate "2016.09.08"]
[EventType "tourn"]
[EventRounds "11"]
[EventCountry "NZL"]
[SourceTitle "EXT 2018"]
[Source "ChessBase"]
[SourceDate "2017.10.13"]
[SourceVersion "1"]
[SourceVersionDate "2017.10.13"]
[SourceQuality "1"]

1. e4 c5 2. c3 Nf6 3. e5 Nd5 4. d4 cxd4 5. Qxd4 e6 6. Nf3 Nc6 7. Qe4 Be7 8. Bd3 d6 9. 0-0 dxe5 10. Nxe5 Nxe5 11. Qxe5 0-0 12. Bc2 Bf6 13. Qh5 g6 14. Qe2 Bg7 15. Nd2 b6 16. Nb3 Bb7 17. Rd1 Qh4 18. Nd4 Nf4 19. Bxf4 Qxf4 20. g3 Qc7 21. Be4 Rac8 22. Bxb7 Qxb7 23. f4 Rc5 24. Qg2 Qc7 25. Nb3 Rf5 26. Rd3 e5 27. fxe5 Qxe5 28. Rad1 Bf6 29. Nd4 Qc5 30. Kh1 Re5 31. Qf1 Bg7 32. Qf3 h5 33. Re3 Rxe3 34. Qxe3 Qd5+ 35. Qf3 Qxa2 36. Rd2 Re8 37. Re2 Rxe2 38. Qxe2 Bxd4 39. cxd4 Qd5+ 40. Qg2 Qxd4 41. Qa8+ Kg7 42. Qxa7 Qxb2 43. Qa4 b5 44. Qe4 b4 45. g4 h4 46. g5 h3 47. Qd4+ 1/2-1/2

[Event "Wellington CC-chB"]
[Site "Wellington"]
[Date "2016.10.06"]
[Round "5"]
[White "Farrington, Lawrence B"]
[Black "Aldridge, Alan L"]
[Result "1/2-1/2"]
[WhiteElo "1811"]
[BlackElo "1979"]
[PlyCount "43"]
[EventDate "2016.09.08"]
[EventType "tourn"]
[EventRounds "11"]
[EventCountry "NZL"]
[SourceTitle "EXT 2018"]
[Source "ChessBase"]
[SourceDate "2017.10.13"]
[SourceVersion "1"]
[SourceVersionDate "2017.10.13"]
[SourceQuality "1"]

1. e4 e5 2. Nf3 Nc6 3. Nc3 Nf6 4. Bb5 d6 5. d4 exd4 6. Nxd4 Bd7 7. 0-0 Be7 8. Re1 Nxd4 9. Bxd7+ Qxd7 10. Qxd4 0-0 11. Bg5 h6 12. Bxf6 Bxf6 13. e5 Be7 14. Nd5 Rfe8 15. Nxe7+ Qxe7 16. f4 Red8 17. exd6 Qxd6 18. Qxd6 Rxd6 19. Re7 Rc6 20. c3 Rd8 21. Rae1 Rd2 22. R1e2 1/2-1/2

[Event "Wellington CC-chB"]
[Site "Wellington"]
[Date "2015.11.12"]
[Round "8"]
[White "Farrington, Lawrence B"]
[Black "Brockway, Andrew"]
[Result "1/2-1/2"]
[WhiteElo "1829"]
[BlackElo "1772"]
[PlyCount "52"]
[EventDate "2015.09.24"]
[EventType "tourn"]
[EventRounds "9"]
[EventCountry "NZL"]
[SourceTitle "EXT 2018"]
[Source "ChessBase"]
[SourceDate "2017.10.13"]
[SourceVersion "1"]
[SourceVersionDate "2017.10.13"]
[SourceQuality "1"]

1. e4 c5 2. c3 g6 3. d4 cxd4 4. cxd4 d5 5. exd5 Nf6 6. Bb5+ Bd7 7. Nc3 Bxb5 8. Nxb5 Qa5+ 9. Nc3 Nxd5 10. Bd2 Qd8 11. Nf3 Nxc3 12. Bxc3 Bg7 13. Ne5 0-0 14. 0-0 Nd7 15. Nxd7 Qxd7 16. Qd2 e6 17. Rfd1 Rfd8 18. g3 Rac8 19. Qe3 Qd5 20. Rd2 Rd7 21. a3 Qc6 22. f4 Rd5 23. Qe4 Qd7 24. Rad1 Bf8 25. Rd3 Qa4 26. Qf3 Qd7 1/2-1/2

[Event "Wellington CC Summer Cup"]
[Site "Wellington"]
[Date "2015.03.12"]
[Round "5"]
[White "Sole, Michael D"]
[Black "Farrington, Lawrence B"]
[Result "0-1"]
[WhiteElo "1621"]
[BlackElo "1837"]
[PlyCount "78"]
[EventDate "2015.02.05"]
[EventType "swiss"]
[EventRounds "8"]
[EventCountry "NZL"]
[SourceTitle "EXT 2018"]
[Source "ChessBase"]
[SourceDate "2017.10.13"]
[SourceVersion "1"]
[SourceVersionDate "2017.10.13"]
[SourceQuality "1"]

1. e4 e6 2. d4 d5 3. Nc3 Bb4 4. a3 Bxc3+ 5. bxc3 c5 6. Be3 cxd4 7. Bxd4 Nf6 8. e5 Nfd7 9. f4 Nc6 10. Bf2 Qa5 11. Qd2 Nc5 12. Bxc5 Qxc5 13. Nf3 b6 14. Nd4 Bd7 15. Nb3 Qe7 16. a4 0-0 17. Bd3 Rac8 18. 0-0 Na5 19. Nxa5 Qc5+ 20. Kh1 Qxa5 21. Rf3 g6 22. Ra3 Qc5 23. Qc1 Qe7 24. Rh3 f5 25. Be2 Bc6 26. Qa1 Rc7 27. Ra2 Qc5 28. Qe1 Qe7 29. Rg3 Rf7 30. Qf2 Rg7 31. Kg1 Qc5 32. Qxc5 bxc5 33. c4 d4 34. Raa3 Rb7 35. Bf3 Be4 36. Bd1 Rb1 37. Kf2 Rxd1 38. Rgb3 Rc7 39. Rh3 Rd2+ 0-1

[Event "Wellington CC-chB"]
[Site "Wellington"]
[Date "2014.11.20"]
[Round "9"]
[White "Farrington, Lawrence B"]
[Black "Jackson, L Ross"]
[Result "1/2-1/2"]
[WhiteElo "1852"]
[BlackElo "1984"]
[PlyCount "74"]
[EventDate "2014.09.25"]
[EventType "tourn"]
[EventRounds "9"]
[EventCountry "NZL"]
[SourceTitle "EXT 2018"]
[Source "ChessBase"]
[SourceDate "2017.10.13"]
[SourceVersion "1"]
[SourceVersionDate "2017.10.13"]
[SourceQuality "1"]

1. e4 d6 2. d4 Nf6 3. Nc3 g6 4. g3 Bg7 5. Bg2 0-0 6. Nge2 c5 7. dxc5 dxc5 8. Qxd8 Rxd8 9. 0-0 Na6 10. a3 e6 11. h3 Ne8 12. Be3 Bd7 13. e5 Rab8 14. f4 f6 15. exf6 Nxf6 16. Rad1 b6 17. Rd2 Be8 18. Rfd1 Rxd2 19. Rxd2 Bf7 20. Bf2 Nc7 21. Nd1 Kf8 22. c3 Ke7 23. Ne3 Nfd5 24. Nc4 Rd8 25. Nc1 Nf6 26. Rxd8 Kxd8 27. Ne5 Be8 28. Nc6+ Bxc6 29. Bxc6 Nfd5 30. Ba4 b5 31. Bd1 b4 32. axb4 cxb4 33. Bxa7 bxc3 34. bxc3 Nxc3 35. Bg4 N3b5 36. Bb6 Bd4+ 37. Bxd4 Nxd4 1/2-1/2

[Event "Wellington CC-chB"]
[Site "Wellington"]
[Date "2014.09.25"]
[Round "1"]
[White "Roberts, Michael H"]
[Black "Farrington, Lawrence B"]
[Result "1/2-1/2"]
[WhiteElo "1761"]
[BlackElo "1852"]
[PlyCount "103"]
[EventDate "2014.09.25"]
[EventType "tourn"]
[EventRounds "9"]
[EventCountry "NZL"]
[SourceTitle "EXT 2018"]
[Source "ChessBase"]
[SourceDate "2017.10.13"]
[SourceVersion "1"]
[SourceVersionDate "2017.10.13"]
[SourceQuality "1"]

1. e4 e6 2. d4 d5 3. Nc3 Bb4 4. e5 c5 5. a3 Bxc3+ 6. bxc3 Qc7 7. Nf3 Ne7 8. Bd3 Nbc6 9. 0-0 Nf5 10. Bxf5 exf5 11. dxc5 Be6 12. Qe2 Na5 13. Be3 Nc4 14. Bd4 h6 15. a4 0-0 16. Nd2 Nxd2 17. Qxd2 Rac8 18. a5 a6 19. Rfb1 Bd7 20. Rb6 Bc6 21. Re1 Rfe8 22. Re3 Qe7 23. Rf3 Qe6 24. Rb1 g5 25. Qd3 f4 26. h4 Kg7 27. Qd2 Rg8 28. Rd3 Kf8 29. hxg5 hxg5 30. Rh3 Qf5 31. Re1 Re8 32. Rh6 Re6 33. Rf6 Qh7 34. Qd3 Qh5 35. Qh3 Qxh3 36. gxh3 Rh8 37. Kg2 Rh4 38. Rxe6 fxe6 39. Rh1 Ba4 40. Rb1 Bc6 41. Kf3 Kf7 42. Rh1 Kg6 43. Kg2 Kf5 44. f3 Kg6 45. Kf2 Kf7 46. Ke2 Ke7 47. Kd1 Be8 48. Bf2 Rh6 49. Kd2 Bd7 50. Kd3 Bb5+ 51. Kd2 Kd7 52. Bd4 1/2-1/2

[Event "Wellington Mazur Memorial"]
[Site "Wellington"]
[Date "2014.08.14"]
[Round "4"]
[White "Wight, Joshua"]
[Black "Farrington, Lawrence B"]
[Result "0-1"]
[WhiteElo "1329"]
[BlackElo "1852"]
[PlyCount "74"]
[EventDate "2014.07.24"]
[EventType "swiss"]
[EventRounds "8"]
[EventCountry "NZL"]
[SourceTitle "EXT 2018"]
[Source "ChessBase"]
[SourceDate "2017.10.13"]
[SourceVersion "1"]
[SourceVersionDate "2017.10.13"]
[SourceQuality "1"]

1. e4 e6 2. d4 d5 3. Nc3 Bb4 4. Nge2 c5 5. a3 Bxc3+ 6. Nxc3 dxe4 7. Be3 cxd4 8. Qxd4 Qxd4 9. Bxd4 Nf6 10. Bxf6 gxf6 11. Nxe4 Ke7 12. 0-0-0 Bd7 13. f3 Bc6 14. Bc4 Nd7 15. Nc3 a6 16. Rhf1 Ne5 17. Be2 f5 18. h3 h5 19. g3 Rag8 20. f4 Nd7 21. Rg1 Nf6 22. Rdf1 Rg7 23. Bf3 Bxf3 24. Rxf3 Rd8 25. Rd3 Rxd3 26. cxd3 Rg8 27. Kd2 b5 28. b4 Rd8 29. Rc1 Kd7 30. a4 bxa4 31. Nxa4 Kd6 32. Nc5 Ra8 33. Ra1 Nd5 34. Ra4 Kc6 35. Rxa6+ Rxa6 36. Nxa6 Kb5 37. Nc7+ Nxc7 0-1

[Event "Wellington CC Summer Cup"]
[Site "Wellington"]
[Date "2014.03.27"]
[Round "7"]
[White "Farrington, Lawrence B"]
[Black "Pomeroy, Arthur"]
[Result "1/2-1/2"]
[WhiteElo "1721"]
[BlackElo "2115"]
[PlyCount "39"]
[EventDate "2014.01.30"]
[EventType "swiss"]
[EventRounds "8"]
[EventCountry "NZL"]
[SourceTitle "EXT 2018"]
[Source "ChessBase"]
[SourceDate "2017.10.13"]
[SourceVersion "1"]
[SourceVersionDate "2017.10.13"]
[SourceQuality "1"]

1. e4 c5 2. c3 Nf6 3. e5 Nd5 4. d4 cxd4 5. Nf3 e6 6. Bc4 d6 7. exd6 Qxd6 8. Nxd4 Nb6 9. Bb3 Bd7 10. 0-0 Be7 11. Na3 0-0 12. Qe2 Nc6 13. Nxc6 Bxc6 14. Be3 Qe5 15. Qg4 Bd6 16. Qg3 Qe4 17. Qh3 Ba4 18. Rfe1 Qc6 19. Nc2 Bxb3 20. axb3 1/2-1/2

[Event "Wellington CC Summer Cup"]
[Site "Wellington"]
[Date "2014.03.20"]
[Round "6"]
[White "Cunningham, Patrick D"]
[Black "Farrington, Lawrence B"]
[Result "0-1"]
[WhiteElo "1783"]
[BlackElo "1721"]
[PlyCount "82"]
[EventDate "2014.01.30"]
[EventType "swiss"]
[EventRounds "8"]
[EventCountry "NZL"]
[SourceTitle "EXT 2018"]
[Source "ChessBase"]
[SourceDate "2017.10.13"]
[SourceVersion "1"]
[SourceVersionDate "2017.10.13"]
[SourceQuality "1"]

1. e4 e6 2. d4 d5 3. Bd3 dxe4 4. Bxe4 Nf6 5. Bf3 c5 6. Ne2 Be7 7. 0-0 0-0 8. Be3 cxd4 9. Nxd4 a6 10. Nc3 Qc7 11. Qe2 Nc6 12. Nxc6 bxc6 13. Rfd1 Nd5 14. Ne4 Nxe3 15. Qxe3 Bb7 16. Nc5 Rfd8 17. Nxb7 Qxb7 18. Qc3 Rac8 19. Rxd8+ Bxd8 20. Rd1 Bf6 21. Qa5 g6 22. b3 Qb5 23. Qe1 c5 24. a4 Qb4 25. Qe2 a5 26. h3 Bd4 27. Rd3 Qb8 28. Qd2 Qb6 29. c3 Bf6 30. Qd1 c4 31. bxc4 Rxc4 32. Rd6 Qb8 33. Rd7 Rc8 34. Rb7 Qe5 35. Rxf7 Rd8 36. Rd7 Rxd7 37. Qxd7 Qe1+ 38. Kh2 Be5+ 39. g3 Qxf2+ 40. Bg2 Bxg3+ 41. Kh1 Qe1+ 0-1

[Event "Wellington CC Summer Cup"]
[Site "Wellington"]
[Date "2014.02.13"]
[Round "2"]
[White "Farrington, Lawrence B"]
[Black "Jackson, L Ross"]
[Result "0-1"]
[WhiteElo "1721"]
[BlackElo "2000"]
[PlyCount "94"]
[EventDate "2014.01.30"]
[EventType "swiss"]
[EventRounds "8"]
[EventCountry "NZL"]
[SourceTitle "EXT 2018"]
[Source "ChessBase"]
[SourceDate "2017.10.13"]
[SourceVersion "1"]
[SourceVersionDate "2017.10.13"]
[SourceQuality "1"]

1. e4 d6 2. d4 Nf6 3. Nc3 g6 4. Bc4 Bg7 5. Be3 Ng4 6. Qe2 Nxe3 7. fxe3 0-0 8. Nf3 c6 9. a4 Nd7 10. 0-0 e6 11. Qf2 b6 12. Qg3 d5 13. exd5 exd5 14. Bd3 Nf6 15. Nd2 Nh5 16. Qf2 f5 17. Ne2 Bh6 18. g3 Nf6 19. Nf4 Ne4 20. Qe2 Qe8 21. c3 g5 22. Ng2 Be6 23. Bc2 Bg7 24. Rae1 a5 25. Nxe4 dxe4 26. b3 c5 27. Qb5 Qxb5 28. axb5 cxd4 29. exd4 Rac8 30. Re3 Bxd4 31. cxd4 Rxc2 32. Rd1 Rd8 33. Ne1 Rb2 34. Rc3 Bxb3 35. Rdc1 Bd5 36. Rc8 Rxc8 37. Rxc8+ Kg7 38. Rc7+ Kg6 39. Nc2 Rxb5 40. Ne3 a4 41. Rd7 Bb3 42. d5 a3 43. Ra7 Ra5 44. Rxa5 bxa5 45. d6 a2 46. d7 a1Q+ 47. Kf2 Qd4 0-1

[Event "Wellington Mazur Memorial"]
[Site "Wellington"]
[Date "2013.11.28"]
[Round "6"]
[White "Farrington, Lawrence B"]
[Black "Timergazi, Layla"]
[Result "0-1"]
[WhiteElo "1761"]
[BlackElo "1889"]
[PlyCount "78"]
[EventDate "2013.10.26"]
[EventType "swiss"]
[EventRounds "8"]
[EventCountry "NZL"]
[SourceTitle "EXT 2018"]
[Source "ChessBase"]
[SourceDate "2017.10.13"]
[SourceVersion "1"]
[SourceVersionDate "2017.10.13"]
[SourceQuality "1"]

1. e4 c6 2. d4 d5 3. exd5 cxd5 4. c4 Nf6 5. Nc3 Nc6 6. Bg5 dxc4 7. d5 Ne5 8. Qd4 Nd3+ 9. Bxd3 cxd3 10. Nf3 g6 11. Bxf6 exf6 12. 0-0 Be7 13. Qxd3 0-0 14. Rac1 Bf5 15. Qd4 g5 16. Rfd1 Bd6 17. Nb5 Bf4 18. Rc4 a6 19. Nc3 Re8 20. d6 Re6 21. Qc5 Bc2 22. Rd5 b5 23. Rcd4 Rc8 24. Qb4 Rb8 25. g3 a5 26. Qc5 g4 27. Rxf4 gxf3 28. Rxf3 Re1+ 29. Kg2 b4 30. Nb5 Be4 31. Rdf5 Bxf3+ 32. Rxf3 Re5 33. Qc7 Rexb5 34. Qe7 Qxe7 35. dxe7 Re8 36. Rxf6 Rxe7 37. a4 bxa3 38. bxa3 Rb3 39. a4 Re4 0-1

[Event "Wellington Mazur Memorial"]
[Site "Wellington"]
[Date "2013.11.21"]
[Round "5"]
[White "Pomeroy, Arthur"]
[Black "Farrington, Lawrence B"]
[Result "1-0"]
[WhiteElo "2113"]
[BlackElo "1761"]
[PlyCount "93"]
[EventDate "2013.10.26"]
[EventType "swiss"]
[EventRounds "8"]
[EventCountry "NZL"]
[SourceTitle "EXT 2018"]
[Source "ChessBase"]
[SourceDate "2017.10.13"]
[SourceVersion "1"]
[SourceVersionDate "2017.10.13"]
[SourceQuality "1"]

1. e4 e6 2. d4 d5 3. Nc3 Bb4 4. e5 Ne7 5. a3 Bxc3+ 6. bxc3 c5 7. Nf3 Nbc6 8. a4 cxd4 9. cxd4 Nf5 10. c3 0-0 11. Bd3 h6 12. 0-0 Na5 13. Nd2 b6 14. g4 Nh4 15. f4 f5 16. exf6 Qxf6 17. Ba3 Rf7 18. Bd6 Bd7 19. Be5 Qe7 20. Nf3 Nxf3+ 21. Qxf3 Nc6 22. Ra2 Nxe5 23. dxe5 Bc6 24. Bg6 Qc5+ 25. Raf2 Rc7 26. g5 Rf8 27. h4 Bb7 28. Bc2 Rcf7 29. Qd3 Rf5 30. Qd4 R5f7 31. f5 Bc8 32. f6 Qxd4 33. cxd4 Ba6 34. Rd1 Rc7 35. g6 Rfc8 36. Rdd2 Rb8 37. Bd1 Rbb7 38. Bg4 Rc6 39. Rc2 Bc4 40. Rf3 Rbc7 41. Ra3 Ba6 42. Bxe6+ Kf8 43. Rxc6 Rxc6 44. Bxd5 Rc1+ 45. Kg2 Rd1 46. Re3 Rxd4 47. e6 1-0

[Event "Wellington Mazur Memorial"]
[Site "Wellington"]
[Date "2013.10.24"]
[Round "1"]
[White "Wastney, Scott C"]
[Black "Farrington, Lawrence B"]
[Result "1-0"]
[WhiteElo "2447"]
[BlackElo "1761"]
[PlyCount "21"]
[EventDate "2013.10.26"]
[EventType "swiss"]
[EventRounds "8"]
[EventCountry "NZL"]
[SourceTitle "EXT 2018"]
[Source "ChessBase"]
[SourceDate "2017.10.13"]
[SourceVersion "1"]
[SourceVersionDate "2017.10.13"]
[SourceQuality "1"]

1. e4 e6 2. d4 d5 3. Bd3 c5 4. exd5 Qxd5 5. Nc3 Qxd4 6. Nb5 Qe5+ 7. Ne2 Na6 8. Bf4 Qf6 9. Nd6+ Ke7 10. Bb5 e5 11. Nxc8+ 1-0

[Event "Wellington CC Summer Cup"]
[Site "Wellington"]
[Date "2013.02.21"]
[Round "3"]
[White "Farrington, Lawrence B"]
[Black "Forster, William"]
[Result "0-1"]
[WhiteElo "1730"]
[BlackElo "2078"]
[PlyCount "134"]
[EventDate "2013.02.07"]
[EventType "swiss"]
[EventRounds "8"]
[EventCountry "NZL"]
[SourceTitle "EXT 2018"]
[Source "ChessBase"]
[SourceDate "2017.10.13"]
[SourceVersion "1"]
[SourceVersionDate "2017.10.13"]
[SourceQuality "1"]

1. e4 d6 2. d4 Nf6 3. Nc3 c6 4. Nf3 Qa5 5. Bd2 Nbd7 6. Be2 Qc7 7. 0-0 e5 8. h3 Be7 9. dxe5 dxe5 10. Re1 0-0 11. Bc4 Nc5 12. b4 Ne6 13. Bxe6 Bxe6 14. a3 Bc4 15. Bg5 Rad8 16. Qb1 Nh5 17. Bxe7 Qxe7 18. Qb2 Nf4 19. Na4 f6 20. Nc3 Qf7 21. Kh2 Qh5 22. Qc1 Nxh3 23. gxh3 Qxf3 24. Qe3 Qxe3 25. Rxe3 Rd2 26. Kg3 Rfd8 27. Rc1 Kf7 28. Kg2 g5 29. Ree1 h5 30. Nd1 Be6 31. Ne3 R2d4 32. Nf1 Rc4 33. Ng3 h4 34. Nf5 Bxf5 35. exf5 Ke7 36. Re3 Rd2 37. c3 Rf4 38. Rf3 Re4 39. a4 Ree2 40. Kg1 e4 41. Re3 Rxe3 42. fxe3 Re2 43. Rd1 Rxe3 44. Rd4 Rxh3 45. Rxe4+ Kf7 46. Rd4 Ke7 47. c4 Re3 48. Rd2 Re5 49. Rf2 Kf7 50. Rd2 Rxf5 51. Rd7+ Kg6 52. Rxb7 Rf4 53. Rxa7 Rxc4 54. Rb7 c5 55. a5 cxb4 56. a6 Rc6 57. a7 Ra6 58. Rxb4 Rxa7 59. Kg2 Ra3 60. Rb2 Kh5 61. Rb8 Ra2+ 62. Kg1 f5 63. Rh8+ Kg4 64. Rg8 f4 65. Rb8 Kg3 66. Rb1 f3 67. Kh1 Rh2+ 0-1

[Event "NZL-ch Major op"]
[Site "Wellington"]
[Date "2013.01.08"]
[Round "9"]
[White "Cooper, Nigel"]
[Black "Farrington, Lawrence B"]
[Result "1-0"]
[WhiteElo "1662"]
[BlackElo "1732"]
[PlyCount "163"]
[EventDate "2012.12.31"]
[EventType "swiss"]
[EventRounds "11"]
[EventCountry "NZL"]
[SourceTitle "CBM 152 Extra"]
[Source "ChessBase"]
[SourceDate "2013.02.25"]
[SourceVersion "1"]
[SourceVersionDate "2013.02.25"]
[SourceQuality "1"]

1. f4 d5 2. g3 Nf6 3. Bg2 c6 4. d3 h6 5. Nf3 Bg4 6. 0-0 Nbd7 7. Nbd2 Qb6+ 8. Kh1 e6 9. e4 0-0-0 10. e5 Ne8 11. Qe2 h5 12. h3 Bxf3 13. Nxf3 Be7 14. Be3 Qc7 15. a4 g6 16. a5 Kb8 17. Qf2 a6 18. c3 Ng7 19. b4 Nf5 20. Bc5 Rde8 21. Nd4 Ka8 22. Nxf5 gxf5 23. h4 Qd8 24. Be3 Reg8 25. Bf3 Rg7 26. Rg1 Qf8 27. Qe2 Rgh7 28. Kh2 Bd8 29. Bf2 Bc7 30. Rgb1 Bb8 31. Rc1 Ba7 32. Bxa7 Kxa7 33. Qf2+ Ka8 34. c4 Qe7 35. cxd5 exd5 36. Qe2 Kb8 37. d4 Qe6 38. Rg1 Rh6 39. Qd1 Kc7 40. Rc1 Kd8 41. Be2 Nb8 42. Qc2 Rg8 43. Bd3 Qe7 44. Rb1 Rhg6 45. Kh3 Nd7 46. Bxf5 Rh6 47. Bd3 Nf8 48. f5 Qd7 49. Qf2 Ng6 50. Kh2 Nf8 51. Qf4 Rh7 52. Rbc1 Rhg7 53. Be2 Rh8 54. Rcf1 Qc7 55. Qc1 Rgg8 56. Qd1 Qe7 57. Kh3 Qxb4 58. Bxh5 Qxa5 59. Bxf7 Rg7 60. e6 Nh7 61. f6 Rxf7 62. exf7 Ng5+ 63. Kh2 Nxf7 64. Qe2 Qc7 65. Rf4 Ng5 66. Rgf1 Ne4 67. f7 Rf8 68. Qg4 Qd6 69. Qg7 c5 70. dxc5 Qxc5 71. Qb2 b5 72. Rd1 Qd6 73. Rxe4 Rxf7 74. Qh8+ Rf8 75. Rxd5 Qxd5 76. Qxf8+ Kc7 77. Re7+ Kb6 78. Qf6+ Ka5 79. Qc3+ Ka4 80. Re3 Qa2+ 81. Kg1 b4 82. Qc6+ 1-0

[Event "NZL-ch Major op"]
[Site "Wellington"]
[Date "2013.01.07"]
[Round "8"]
[White "Farrington, Lawrence B"]
[Black "Gold, Hamish R"]
[Result "1-0"]
[WhiteElo "1732"]
[BlackElo "1828"]
[PlyCount "83"]
[EventDate "2012.12.31"]
[EventType "swiss"]
[EventRounds "11"]
[EventCountry "NZL"]
[SourceTitle "CBM 152 Extra"]
[Source "ChessBase"]
[SourceDate "2013.02.25"]
[SourceVersion "1"]
[SourceVersionDate "2013.02.25"]
[SourceQuality "1"]

1. e4 e5 2. Nf3 Nc6 3. Nc3 Nf6 4. Bb5 Nd4 5. 0-0 Nxb5 6. Nxb5 c6 7. Nc3 d6 8. d4 Bg4 9. dxe5 dxe5 10. Qxd8+ Rxd8 11. Nxe5 Be6 12. Be3 a6 13. a3 Bd6 14. Nf3 Bc7 15. Bc5 b6 16. Bd4 0-0 17. h3 Nh5 18. Be3 Nf4 19. Rad1 Bc4 20. Rxd8 Rxd8 21. Re1 h6 22. b3 Be6 23. Kf1 Bc8 24. Ne2 Ng6 25. Nc3 a5 26. Rd1 Ne7 27. Rxd8+ Bxd8 28. Nd2 Ba6+ 29. Ke1 Bc7 30. Na4 b5 31. Nc5 Bc8 32. Nd3 f5 33. Bc5 Kf7 34. exf5 Bxf5 35. f3 Nd5 36. Ne4 Bxe4 37. fxe4 Nc3 38. e5 Ne4 39. Bd4 Ke6 40. Ke2 Kd5 41. Ke3 Ng5 42. Nf4# 1-0